000
00298nam a2200109Ia 4500
005
20260328101518.0
008
260328s9999||||xx |||||||||||||| ||und||
245
2
_a
A boa Arquitetura de uma generacao /
260
_b
Panamericana Escola de Arte e Design
650
_a
ARQUITECTURA REGIONAL
942
_c
BK
999
_c
9474
_d
9474